[Event "Satka Autumn op (Women)"]
[Site "Satka"]
[Date "2019.09.26"]
[Round "8"]
[White "Skobochkina, Maria"]
[Black "Sogoyan, Milena"]
[Result "0-1"]
[WhiteElo "1432"]
[BlackElo "1361"]
[PlyCount "88"]
[EventDate "2019.09.19"]
[EventType "swiss"]
[EventRounds "9"]
[EventCountry "RUS"]
[SourceTitle "EXT 2020"]
[Source "ChessBase"]
[SourceDate "2019.10.17"]
[SourceVersion "1"]
[SourceVersionDate "2019.10.17"]
[SourceQuality "1"]

1. e4 c5 2. Nf3 Nc6 3. d4 cxd4 4. Nxd4 g6 5. Nc3 Bg7 6. Be3 d6 7. Qd2 Nf6 8. f3 0-0 9. 0-0-0 a6 10. g4 Bd7 11. h4 h5 12. gxh5 Nxh5 13. f4 Nxd4 14. Bxd4 Bxd4 15. Qxd4 Nxf4 16. Rg1 Qc8 17. Nd5 Nxd5 18. Qxd5 Bg4 19. Bh3 e6 20. Qg5 Bxd1 21. Rxd1 Qc5 22. Qg3 Rac8 23. c3 Qe5 24. Qg2 Qf4+ 25. Kb1 Rc4 26. Ka1 Qxe4 27. Qg1 Qe5 28. Re1 Re4 29. Rf1 Rxh4 30. Bg2 Rg4 31. Qh1 Qh5 32. Bxb7 Qxh1 33. Rxh1 a5 34. Kb1 Rg5 35. Rd1 d5 36. Rd2 Re5 37. Ba6 f5 38. Kc2 f4 39. Rf2 g5 40. Bf1 Re3 41. Kd2 e5 42. Bg2 e4 43. b4 axb4 44. cxb4 Rb8 0-1

[Event "Satka Autumn op (Women)"]
[Site "Satka"]
[Date "2019.09.23"]
[Round "5"]
[White "Skobochkina, Maria"]
[Black "Turebayeva, Alfiya"]
[Result "1/2-1/2"]
[WhiteElo "1432"]
[BlackElo "2076"]
[PlyCount "104"]
[EventDate "2019.09.19"]
[EventType "swiss"]
[EventRounds "9"]
[EventCountry "RUS"]
[SourceTitle "EXT 2020"]
[Source "ChessBase"]
[SourceDate "2019.10.17"]
[SourceVersion "1"]
[SourceVersionDate "2019.10.17"]
[SourceQuality "1"]

1. e4 c5 2. Nf3 Nc6 3. d4 cxd4 4. Nxd4 e5 5. Nb5 d6 6. c4 Be7 7. N1c3 a6 8. Na3 Nf6 9. Nc2 Be6 10. Bd3 Rc8 11. b3 0-0 12. 0-0 b5 13. cxb5 Na7 14. Bb2 axb5 15. Rc1 Qa5 16. Ne3 b4 17. Na4 Rxc1 18. Qxc1 Rc8 19. Qd2 Nc6 20. Rc1 Qd8 21. Nc4 Nd7 22. Ne3 Nc5 23. Nxc5 dxc5 24. Rd1 Nd4 25. Ba1 Bg5 26. h3 Bxh3 27. Ba6 Ra8 28. Bxd4 exd4 29. Qe2 Be6 30. Bb7 Rb8 31. Bd5 dxe3 32. Bxe6 exf2+ 33. Kf1 Qf6 34. Bc4 Bh4 35. Rd3 Re8 36. Bd5 Qa1+ 37. Rd1 Qc3 38. Bxf7+ Kxf7 39. Qh5+ Kf8 40. Qxh4 Kg8 41. Qh5 g6 42. Qd5+ Kh8 43. Qf7 Ra8 44. Qxf2 c4 45. bxc4 Qxc4+ 46. Kg1 Kg8 47. Rd7 Qc1+ 48. Kh2 Rf8 49. Qd4 Qh6+ 50. Kg1 Qc1+ 51. Kh2 Qf4+ 52. Kg1 Qc1+ 1/2-1/2

[Event "Satka Autumn op"]
[Site "Satka"]
[Date "2017.09.20"]
[Round "9.13"]
[White "Telelyukhina, Elizaveta"]
[Black "Skobochkina, Maria"]
[Result "1/2-1/2"]
[WhiteElo "1270"]
[BlackElo "1133"]
[PlyCount "66"]
[EventDate "2017.09.12"]
[EventType "swiss"]
[EventRounds "9"]
[EventCountry "RUS"]
[SourceTitle "EXT 2022"]
[Source "ChessBase"]
[SourceDate "2021.10.06"]
[SourceVersion "1"]
[SourceVersionDate "2021.10.06"]
[SourceQuality "1"]

1. e4 e5 2. Nf3 Nc6 3. Bb5 f5 4. d3 fxe4 5. dxe4 Nf6 6. Nc3 d6 7. 0-0 Be6 8. Be3 Be7 9. Qd3 h6 10. h3 0-0 11. Rfd1 a6 12. Ba4 Kh8 13. Bb3 Bxb3 14. axb3 Qe8 15. Nd5 Rc8 16. c4 Qg6 17. Nh4 Qf7 18. Nf5 Nxd5 19. Qxd5 Rce8 20. Qxf7 Rxf7 21. Rd2 Ref8 22. Rad1 Na5 23. Rd3 Nc6 24. f3 Nb4 25. R3d2 Nc6 26. Bf2 Bg5 27. Rd3 Nb4 28. Rc3 Na2 29. Rcd3 Nb4 30. Rc3 Na2 31. Rcd3 Nb4 32. Rc3 Na2 33. Rcd3 Nb4 1/2-1/2

[Event "Satka Autumn op"]
[Site "Satka"]
[Date "2017.09.19"]
[Round "8"]
[White "Skobochkina, Maria"]
[Black "Lapteva, Yulia"]
[Result "1/2-1/2"]
[WhiteElo "1133"]
[BlackElo "1026"]
[PlyCount "56"]
[EventDate "2017.09.12"]
[EventType "swiss"]
[EventRounds "9"]
[EventCountry "RUS"]
[SourceTitle "CBM 180 Extra"]
[Source "ChessBase"]
[SourceDate "2017.10.06"]
[SourceVersion "1"]
[SourceVersionDate "2017.10.06"]
[SourceQuality "1"]

1. e4 e5 2. Nf3 Nf6 3. Nxe5 d6 4. Nf3 Nxe4 5. Nc3 Nxc3 6. dxc3 Nc6 7. Bf4 Be7 8. Qd2 Be6 9. Bd3 Qd7 10. a3 h6 11. h3 a6 12. Qe3 Bf5 13. Nd4 Bxd3 14. cxd3 Nxd4 15. Qxd4 Qe6+ 16. Qe3 Qd5 17. Qe4 Qe6 18. Be3 d5 19. Qf3 c5 20. 0-0 0-0 21. Rfe1 Qd6 22. Rad1 Rfe8 23. Bf4 Qd7 24. Be3 Qd6 25. Bf4 Qd7 26. Be3 Qd6 27. Bf4 Qd7 28. Be3 Qd6 1/2-1/2